The Beatles: US Studio Albums by Cover - Statistics

General Stats
  • This quiz has been taken 25 times
  • The average score is 12 of 17
Answer Stats
Picture Hint Answer % Correct
1964 A Hard Day's Night
96%
1965 Rubber Soul
96%
1969 Abbey Road
87%
1965 Help!
87%
1970 Let It Be
87%
1966 Revolver
87%
1968 The Beatles | The White Album
87%
1969 Yellow Submarine
87%
1967 Magical Mystery Tour
83%
1964 Meet the Beatles!
78%
1967 Sgt. Pepper's Lonely Hearts Club Band
78%
1966 Yesterday and Today
52%
1964 Beatles '65
48%
1964 Something New
48%
1964 The Beatles' Second Album
48%
1964 Introducing... The Beatles
43%
1965 Beatles VI
39%
No matching quizzes found
Score Distribution
Percent of People with Each Score
Percentile by Number Answered
Your Score History
You have not taken this quiz